000 00984cam a22003137a 4500
003 CHAP
005 20220817043857.0
008 030131d1999 it r 00110 spa d
010 _a86813
011 _a87785
035 _a98329
040 _cCHAP
090 _aFolleto 16556
110 2 _aFAO
245 1 3 _aLa participación y la información:
_belementos fundamentales de una política agrícola sensible a las cuestiones de género
_c/por FAO
260 _aRoma :
_bFAO,
_c1999
300 _a18 p.
590 _aBATCH-UPD
_b10
_c20130110
_lUCH01
_h1106
590 _aBATCH-UPD
_b10
_c20130410
_lUCH01
_h0658
590 _aBATCH-UPD
_b10
_c20130914
_lUCH01
_h1308
590 _aCONVERSION
_b10
_c20130109
_lUCH01
_h1348
650 1 4 _aEnfoque de género.
_936945
650 1 4 _aInformación.
_958076
650 1 4 _aPolítica agrícola.
_990283
901 _aBK
905 _aMarco A. Mendoza T.
942 _cFOLL
949 _aFolleto 16556
_bBC
_cFAO
_d33724002002264
_eFAO1
_i98329
_sb
999 _c86813
_d86813